| 000 | 00418nam a2200157 a 4500 | ||
|---|---|---|---|
| 005 | 20260322212100.0 | ||
| 008 | data | ||
| 020 | _a9780763622596 | ||
| 099 | _aANDERM | ||
| 100 | 1 | _aAnderson, M. T. | |
| 245 | 1 | 0 |
_aFeed/ _cM. T. Anderson. |
| 260 |
_aCambridge, MA : _bCandlewick Press, _c2004. |
||
| 300 |
_aBook : Fiction : Elementary and junior high school 299 pages ; _b20 cm . |
||
| 650 | 0 | _aScience fiction | |
| 001 | data | ||
| 999 |
_c1443 _d1443 |
||